Los archivos del olvido a la memoria
שמור ב:
| מחבר ראשי: | |
|---|---|
| פורמט: | לא ידוע |
| שפה: | Spanish |
| יצא לאור: |
San José, Costa Rica
Editorial de la Universidad de Costa Rica
2014
|
| סדרה: | Colección Nueva Historia
|
| נושאים: | |
| תגים: |
הוספת תג
אין תגיות, היה/י הראשונ/ה לתייג את הרשומה!
|
MARC
| LEADER | 00000 a2200000 4500 | ||
|---|---|---|---|
| 003 | CIICLA | ||
| 005 | 20140314170107.0 | ||
| 007 | ta | ||
| 008 | 140313s2014 cr ||||| |||| 00| 0 spa d | ||
| 020 | |a 9789968464048 | ||
| 040 | |a cru CIICLA Universidad de Costa Rica |c cru CIICLA Universidad de Costa Rica | ||
| 082 | |a 907.207.28 P743p | ||
| 100 | 1 | |a Rivas Fernández, Bernal | |
| 245 | 1 | 4 | |a Los archivos |b del olvido a la memoria |c Bernal Rivas Fernández |
| 260 | |a San José, Costa Rica |b Editorial de la Universidad de Costa Rica |c 2014 | ||
| 300 | |a páginas 19-30 | ||
| 490 | 0 | |a Colección Nueva Historia | |
| 500 | |a Las fuentes del historiador -- Los archivos como memoria -- Los archivos de Hispanoamérica. | ||
| 650 | 0 | 7 | |a ARCHIVOS HISTORICOS |x INVESTIGACION |
| 773 | 0 | |z 9789968464048 |t Poder, economía y relaciones sociales en el Reino de Guatemala | |
| 942 | |2 ddc |c AM | ||
| 999 | |c 3228 |d 3228 | ||



